Ročenka ...
| Corporate Author: | |
|---|---|
| Other Authors: | , |
| Format: | Serial |
| Language: | Slovak |
| PhysicalDescription: | zv. fotogr., tab. 30 cm |
| Published: |
Žilina
ZO OZ PŠaV pri Gymnáziu Veľká okružná
[1995]-2012
Žilina GAMI Žilina Školmedia |
| ISBN: | 8096787993 (brož. : r. 2000/2001) 8096875507 (brož. : r. 2001/2002) 8096875531 (brož. : r. 2002/2003) 8096875566 (brož. : r. 2003/2004) 8096875582 (brož. : r. 2004/2005) 8096938614 (brož. : r. 2005/2006) 9788096938643 (brož. : r. 2006/2007) 9788089380138 (brož. : r. 2010/2011) 9788089380152 (brož. : r. 2011/2012) 809671368X (brož. : r. 1994/1995) 809676330X (brož. : r. 1996/1997) 8096784293 (brož. : r. 1997/1998) 8096787942 (brož. : r. 1998/1999) 8096787969 (brož. : r. 1999/2000) 8096743171 (brož. : r. 1995/1996) 9788096938681 (brož. : r. 2007/2008) 9788089380114 (brož. : r. 2009/2010) |
| Subjects: |
MARC
| LEADER | 00000cas a2200000 a 4500 | ||
|---|---|---|---|
| 001 | vtls001473679 | ||
| 003 | SK-MaSNL | ||
| 005 | 20260228160752.0 | ||
| 008 | 040423d19952012xo ar 0 0b0slo | ||
| 015 | |a SNB2005/02-00422 (r. 2000/2001) |a SNB2005/02-00426 (r. 2001/2002) | ||
| 015 | |a SNB2004-(r. 2003/2004) |a SNB2006-(r. 2002/2003, r. 2004/2005, r. 2005/2006) |a SNB2007-(r. 2006/2007) |a SNB2019-(r. 2007/2008, r. 2009/2010, r. 2010/2011, r. 2011/2012) | ||
| 015 | |a SNBE1996/0200875-(r. 1995/1996) |a SNBE1997/0200385-(r. 1996/1997) |a SNBE1998/04-02500-(r. 1997/1998) |a SNBE2000/04-01552-(r. 1998/1999) |a SNBE2001/02-01227-(r. 1999/2000) | ||
| 020 | |a 8096787993 (brož. : r. 2000/2001) | ||
| 020 | |a 8096875507 (brož. : r. 2001/2002) | ||
| 020 | |a 8096875531 (brož. : r. 2002/2003) | ||
| 020 | |a 8096875566 (brož. : r. 2003/2004) | ||
| 020 | |a 8096875582 (brož. : r. 2004/2005) | ||
| 020 | |a 8096938614 (brož. : r. 2005/2006) | ||
| 020 | |a 9788096938643 (brož. : r. 2006/2007) | ||
| 020 | |a 9788089380138 (brož. : r. 2010/2011) | ||
| 020 | |a 9788089380152 (brož. : r. 2011/2012) | ||
| 020 | |a 809671368X (brož. : r. 1994/1995) | ||
| 020 | |a 809676330X (brož. : r. 1996/1997) | ||
| 020 | |a 8096784293 (brož. : r. 1997/1998) | ||
| 020 | |a 8096787942 (brož. : r. 1998/1999) | ||
| 020 | |a 8096787969 (brož. : r. 1999/2000) | ||
| 020 | |a 8096743171 (brož. : r. 1995/1996) | ||
| 020 | |a 9788096938681 (brož. : r. 2007/2008) | ||
| 020 | |a 9788089380114 (brož. : r. 2009/2010) | ||
| 035 | |a SNK000428981 | ||
| 040 | |a SNK |b slo |c SNK |e AACR2 | ||
| 041 | |a slo | ||
| 043 | |a e-xo--- | ||
| 044 | |a xo |c SK | ||
| 072 | 7 | |a 373.5/.6 |x Stredné školy |2 konspekt | |
| 080 | |a (437.6) |2 2011 | ||
| 080 | |a (058) |2 2011 | ||
| 080 | |a 373.5 |2 2011 | ||
| 080 | |a (036) |2 2011 | ||
| 110 | 2 | |a Gymnázium, Veľká okružná (Žilina, Slovensko) |9 32196 | |
| 245 | 1 | 0 | |a Ročenka ... |c Gymnázium, Veľká okružná 22, Žilina |
| 246 | 1 | |i Názov v tiráži: |a Ročenka Gymnázia, Veľká okružná - šk. r. ... | |
| 246 | 3 | 3 | |a Ročenka GVOZA ... |
| 260 | |a Žilina |b ZO OZ PŠaV pri Gymnáziu Veľká okružná |c [1995]-2012 | ||
| 260 | 2 | |3 [1997-2001] |a Žilina |b GAMI | |
| 260 | 3 | |3 [2002]-2012 |a Žilina |b Školmedia | |
| 300 | |a zv. |b fotogr., tab. |c 30 cm | ||
| 310 | |a 1x ročne | ||
| 362 | 0 | |a 1994/1995-2011/2012 | |
| 500 | |a Súčasťou názvu je označenie školského roku | ||
| 500 | |a Názov z obalu | ||
| 500 | |a Popis podľa: R. 2002/2003 | ||
| 500 | |a Šéfredaktor: 1995/1996-1996/1997, Vladimír Kvaššay 2002/2003-2007/2008, 2009/2010-2011/2012, Silvia Ftorková | ||
| 650 | 0 | 7 | |a gymnáziá |2 SNKPH |9 16386 |
| 650 | 0 | 7 | |a High schools |2 SNKPHeng |9 265992 |
| 651 | 7 | |a Žilina (Slovensko) |2 SNKPH |9 28812 | |
| 651 | 7 | |a Žilina (Slovakia) |2 SNKPHeng |9 265991 | |
| 655 | 7 | |a ročenky |2 SNKPH |9 57146 | |
| 655 | 7 | |a informačné publikácie |2 SNKPH |9 70181 | |
| 655 | 7 | |a Information publications |2 SNKPHeng |9 265188 | |
| 655 | 7 | |a Yearbooks |2 SNKPHeng |9 120938 | |
| 700 | 1 | |a Kvaššay, Vladimír |4 pbd |9 45164 | |
| 700 | 1 | |a Ftorková, Silvia |4 pbd |9 267288 | |
| 910 | |a snk | ||
| 910 | |a spkonkat | ||
| 910 | |a svkponkat | ||
| 919 | |a 80-967879-9-3 | ||
| 919 | |a 80-968755-0-7 | ||
| 919 | |a 80-968755-3-1 | ||
| 919 | |a 80-968755-6-6 | ||
| 919 | |a 80-968755-8-2 | ||
| 919 | |a 80-969386-1-4 | ||
| 919 | |a 978-80-969386-4-3 | ||
| 919 | |a 978-80-89380-13-8 | ||
| 919 | |a 978-80-89380-15-2 | ||
| 919 | |a 80-967136-8-X | ||
| 919 | |a 80-967633-0-X | ||
| 919 | |a 80-967431-7-1 | ||
| 919 | |a 80-967842-9-3 | ||
| 919 | |a 80-967879-4-2 | ||
| 919 | |a 80-967879-6-9 | ||
| 919 | |a 978-80-969386-8-1 | ||
| 919 | |a 978-80-89380-11-4 | ||
| 999 | |c 3569 |d 5499 | ||
| 952 | |0 0 |1 0 |4 0 |7 0 |a SNK |b SNK |d 1997-03-17 |i snk1237/970319 |l 0 |o snkB 362 |r 2005-01-02 00:00:00 |t R. 1996-1997 |w 2026-02-21 |y NEVYP | ||
| 952 | |0 0 |1 0 |4 0 |7 0 |8 0 |a SNK |b SNK |d 1997-03-17 |i snkKSP 2896/97 |l 0 |o snkČSB 4010/1996-1997 |p 17A0055325 |r 2005-01-02 00:00:00 |w 2026-02-21 |y PREZ | ||
| 952 | |0 0 |1 0 |4 0 |7 0 |8 0 |a SNK |b SNK |d 1997-03-17 |i snkKSP 2897/97 |l 0 |o snkČSB 4010/1996-1997 D1 |p 17A0055324 |r 2005-01-02 00:00:00 |w 2026-02-21 |y PREZ | ||
| 952 | |0 0 |1 0 |4 0 |7 0 |a SNK |b SNK |d 2004-04-23 |i snkPV 503/2004 |l 0 |o snkČSB 4010/2000-2001 |p 17A0416347 |r 2005-01-02 00:00:00 |w 2026-02-21 |y PREZ | ||
| 952 | |0 0 |1 0 |4 0 |7 0 |a SNK |b SNK |d 2004-04-23 |i snkPV 504/2004 |l 0 |o snkČSB 4010/2000-2001 D1 |p 17A0416348 |r 2005-01-02 00:00:00 |w 2026-02-21 |y PREZ | ||
| 952 | |0 0 |1 0 |4 0 |7 0 |a SNK |b SNK |d 2004-04-23 |i snkPV 505/2004 |l 0 |o snkČSB 4010/2001-2002 |p 17A0416349 |r 2005-01-02 00:00:00 |w 2026-02-21 |y PREZ | ||
| 952 | |0 0 |1 0 |4 0 |7 0 |a SNK |b SNK |d 2004-04-23 |i snkPV 506/2004 |l 0 |o snkČSB 4010/2001-2002 D1 |p 17A0416350 |r 2005-01-02 00:00:00 |w 2026-02-21 |y PREZ | ||
| 952 | |0 0 |1 0 |4 0 |7 0 |a SNK |b SNK |d 2004-09-22 |i snkPV 1278/2004 |l 0 |o snkČSB 4010/2003-2004 |p 17A0431627 |r 2005-01-02 00:00:00 |w 2026-02-21 |y PREZ | ||
| 952 | |0 0 |1 0 |4 0 |7 0 |a SNK |b SNK |d 2004-09-22 |i snkPV 1279/2004 |l 0 |o snkČSB 4010/2003-2004 D1 |p 17A0431628 |r 2005-01-02 00:00:00 |w 2026-02-21 |y PREZ | ||
| 952 | |0 0 |1 0 |4 0 |7 0 |8 0 |a SNK |b SNK |d 2006-09-25 |i snk2006/18627 |l 0 |o snkČSB 4010/2004-2005 |p 17A0502709 |r 2026-02-21 20:18:15 |w 2026-02-21 |y PREZ | ||
| 952 | |0 0 |1 0 |4 0 |7 0 |8 0 |a SNK |b SNK |d 2006-09-25 |i snk2006/18629 |l 0 |o snkČSB 4010/2004-2005 D1 |p 17A0502710 |r 2026-02-21 20:18:15 |w 2026-02-21 |y PREZ | ||
| 952 | |0 0 |1 0 |4 0 |7 0 |8 0 |a SNK |b SNK |d 2006-09-25 |i snk2006/18630 |l 0 |o snkČSB 4010/2005-2006 |p 17A0502712 |r 2026-02-21 20:18:15 |w 2026-02-21 |y PREZ | ||
| 952 | |0 0 |1 0 |4 0 |7 0 |8 0 |a SNK |b SNK |d 2006-09-25 |i snk2006/18631 |l 0 |o snkČSB 4010/2005-2006 D1 |p 17A0502711 |r 2026-02-21 20:18:15 |w 2026-02-21 |y PREZ | ||
| 952 | |0 0 |1 0 |4 0 |7 0 |8 0 |a SNK |b SNK |d 2006-09-25 |i snk2006/18646 |l 0 |o snkČSB 4010/2002-2003 |p 17A0502713 |r 2026-02-21 20:18:15 |w 2026-02-21 |y PREZ | ||
| 952 | |0 0 |1 0 |4 0 |7 0 |8 0 |a SNK |b SNK |d 2006-09-25 |i snk2006/18647 |l 0 |o snkČSB 4010/2002-2003 D1 |p 17A0502714 |r 2026-02-21 20:18:15 |w 2026-02-21 |y PREZ | ||
| 952 | |0 0 |1 0 |4 0 |7 0 |a SNK |b SNK |d 2000-09-04 |i snkKSP 9099/2000 |l 0 |o snkČSB 4010/1998-1999 |p 17A0293021 |r 2005-01-02 00:00:00 |w 2026-02-21 |y PREZ | ||
| 952 | |0 0 |1 0 |4 0 |7 0 |a SNK |b SNK |d 2000-09-04 |i snkKSP 9100/2000 |l 0 |o snkČSB 4010/1998-1999 D1 |p 17A0249686 |r 2005-01-02 00:00:00 |w 2026-02-21 |y PREZ | ||
| 952 | |0 0 |1 0 |4 0 |7 0 |a SNK |b SNK |d 2001-01-16 |i snkKSP 818/2001 |l 0 |o snkČSB 4010/1999-2000 |p 17A0264197 |r 2005-01-02 00:00:00 |w 2026-02-21 |y PREZ | ||
| 952 | |0 0 |1 0 |4 0 |7 0 |a SNK |b SNK |d 2001-01-16 |i snkKSP 819/2001 |l 0 |o snkČSB 4010/1999-2000 D1 |p 17A0264198 |r 2005-01-02 00:00:00 |w 2026-02-21 |y PREZ | ||
| 952 | |0 0 |1 0 |4 0 |7 0 |8 0 |a SNK |b SNK |d 2007-09-21 |i snk2007/20924 |l 0 |o snkČSB 4010/2006-2007 |p 17A0556727 |r 2026-02-21 21:11:50 |w 2026-02-21 |y PREZ | ||
| 952 | |0 0 |1 0 |4 0 |7 0 |8 0 |a SNK |b SNK |d 2007-09-21 |i snk2007/20925 |l 0 |o snkČSB 4010/2006-2007 D1 |p 17A0556728 |r 2026-02-21 21:11:50 |w 2026-02-21 |y PREZ | ||
| 952 | |0 0 |1 0 |4 0 |7 0 |a SNK |b SNK |d 1996-09-26 |i snkKSP 7801/96 |l 0 |o snkČSB 4010/1995-1996 |p 17A0083208 |r 2005-01-01 00:00:00 |w 2026-02-21 |y PREZ | ||
| 952 | |0 0 |1 0 |4 0 |7 0 |a SNK |b SNK |d 1996-09-26 |i snkKSP 7802/96 |l 0 |o snkČSB 4010/1995-1996 D1 |p 17A0011695 |r 2005-01-01 00:00:00 |w 2026-02-21 |y PREZ | ||
| 952 | |0 0 |1 0 |4 0 |7 0 |a SNK |b SNK |d 1998-12-14 |i snkKSP 11562/98 |l 0 |o snkČSB 4010/1997-1998 |p 17A0171855 |r 2005-01-02 00:00:00 |w 2026-02-21 |y PREZ | ||
| 952 | |0 0 |1 0 |4 0 |7 0 |a SNK |b SNK |d 1998-12-14 |i snkKSP 11563/98 |l 0 |o snkČSB 4010/1997-1998 D1 |p 17A0171856 |r 2005-01-02 00:00:00 |w 2026-02-21 |y PREZ | ||
| 952 | |0 0 |1 0 |4 0 |7 0 |a SNK |b SNK |d 2019-04-17 |l 0 |o snkČSB 4010/1994-1995 D1 |p 17A1154763 |r 2026-02-21 21:58:43 |w 2026-02-21 |y PREZ | ||
| 952 | |0 0 |1 0 |4 0 |7 0 |8 1 |a SNK |b SNK |d 2019-04-25 |i snk2019/11908 |l 0 |o snkČSB 4010/2010-2011 |p 17A1366710 |r 2026-02-21 21:59:28 |w 2026-02-21 |y PREZ | ||
| 952 | |0 0 |1 0 |4 0 |7 0 |8 1 |a SNK |b SNK |d 2019-04-25 |i snk2019/11924 |l 0 |o snkČSB 4010/2010-2011 D1 |p 17A1366711 |r 2026-02-21 21:59:28 |w 2026-02-21 |y PREZ | ||
| 952 | |0 0 |1 0 |4 0 |7 0 |8 1 |a SNK |b SNK |d 2019-04-25 |i snk2019/11926 |l 0 |o snkČSB 4010/2011-2012 |p 17A1366712 |r 2026-02-21 21:59:28 |w 2026-02-21 |y PREZ | ||
| 952 | |0 0 |1 0 |4 0 |7 0 |8 1 |a SNK |b SNK |d 2019-04-25 |i snk2019/11927 |l 0 |o snkČSB 4010/2011-2012 D1 |p 17A1366713 |r 2026-02-21 21:59:29 |w 2026-02-21 |y PREZ | ||
| 952 | |0 0 |1 0 |4 0 |7 0 |8 1 |a SNK |b SNK |d 2019-07-23 |i snk2019/19263 |l 0 |o snkČSB 4010/2007-2008 |p 17A1369256 |r 2026-02-21 22:21:51 |w 2026-02-21 |y PREZ | ||
| 952 | |0 0 |1 0 |4 0 |7 0 |8 1 |a SNK |b SNK |d 2019-07-23 |i snk2019/19266 |l 0 |o snkČSB 4010/2007-2008 D1 |p 17A1369257 |r 2026-02-21 22:21:51 |w 2026-02-21 |y PREZ | ||
| 952 | |0 0 |1 0 |4 0 |7 0 |8 1 |a SNK |b SNK |d 2019-07-23 |i snk2019/19267 |l 0 |o snkČSB 4010/2009-2010 |p 17A1369258 |r 2026-02-21 22:21:51 |w 2026-02-21 |y PREZ | ||
| 952 | |0 0 |1 0 |4 0 |7 0 |8 1 |a SNK |b SNK |d 2019-07-23 |i snk2019/19268 |l 0 |o snkČSB 4010/2009-2010 D1 |p 17A1369259 |r 2026-02-21 22:21:51 |w 2026-02-21 |y PREZ | ||


